| 000 | 00426nam a22001457a 4500 | ||
|---|---|---|---|
| 005 | 20180115122714.0 | ||
| 008 | 180115b xxu||||| |||| 00| 0 eng d | ||
| 040 | _cPK-LaUMT | ||
| 082 |
_aPKAC 2971241 _bGHA-S |
||
| 100 | _aGhazala Hamid | ||
| 245 |
_aShuroh e Sahi Bukhari(شروح صیحح بخاری) _cGhazala Hamid |
||
| 260 |
_aلاہور: _bادارہ ثقافت اسلامیہ، _c1991 |
||
| 300 | _a175 | ||
| 942 | _cBK | ||
| 999 |
_c101653 _d101653 |
||